00386nam a2200157Ia 4500003000400000005001700004008004100021020001800062040000900080082001800089100001600107245004200123250001200165260004200177300000900219OSt20200617153910.0190216s9999||||xx |||||||||||||| ||und|| a9788122004649 coclc a954.03bSHA/H aSharma, L P 0aHistory Of Modern India /cL P Sharma a2nd Ed. bKonark Publishers,c2010.aNew Delhi: a382p